000 00980naa a22002897u 4500
001 05528
003 HDC
007 cr bn ---aaaaa
008 210120s xx a b 001 0 eng
040 _aHDC
100 _aGanguli, Indrani,
_eauthor
_95789
245 0 _aProbiotics and Women's Health /
_cby Indrani Ganguli, Mala Srivastava and Mamta Dagar
260 _a[No Place] :
_b[publisher not identified],
_c[no year]
300 _a12 pages
336 _atext
_2rdacontent
337 _acomputer
_2rdamedia
338 _aonline resource
_2rdacarrier
500 _aOriginal from book
650 _aHealth
_94234
650 _aProbiotic food
_95755
650 _aWomen health
_95790
700 _aNawal, Ruchika Roongta,
_eauthor
_95782
856 _zRequest full-text at [email protected]
942 _2lcc
942 _cCHAP
942 _kEBCH 002807
999 _c2852
_d2852